| 000 | 00593nam a22001817a 4500 | ||
|---|---|---|---|
| 005 | 20251108175539.0 | ||
| 008 | 250721s2014 xx 000 0 ara d | ||
| 082 | 1 | 4 | _a303/حيا |
| 100 | 1 | _aالحياصات، جمال الدبعي | |
| 245 | 1 | 0 | _aعلم الاجتماع و الهندسة الاجتماعية / |
| 264 | 1 |
_aعمان : _bدار المستشارون للنشر والتوزيع، _c2014. |
|
| 300 | _a300ص. | ||
| 650 | 1 | 7 | _aعلم الاجتماع |
| 650 | 1 | 7 | _aالمجتمع |
| 650 | 1 | 7 | _aالعلاقات الاجتماعية |
| 942 |
_2ddc _cBK |
||
| 999 |
_c136676 _d136676 |
||